000 00525nam a2200181Ia 4500
001 16896
005 20260306170344.0
008 260306t2023||||xx |||||||||||||| ||und||
041 _aESP
082 _a657.3
_bF43A
100 _aFerrer Quea, Alejandro,
_eAUT
245 0 _aAnálisis e interpretación de estados financieros en sus ocho fases más importantes :
_bcasuística con las NIIF y el PCGE
260 _c2023
300 _a735 páginas :
_c25 cm.
650 _aGEN
654 _aCCO
942 _cLIB
_dJUS
_fJUS
_2ddc
_n
999 _c16896
_d16896